|
|
|
|
| LEADER |
00000nas a2200000 4500 |
| 001 |
ssj0012537 |
| 003 |
WaSeSS |
| 005 |
20200512172242.0 |
| 006 |
m d |
| 007 |
cr n |
| 008 |
780711c19uu9999ctuer p s 0 a0eng d |
| 010 |
|
|
|a sn 78001665
|
| 022 |
|
|
|l 0011-3905
|y 0011-3905
|
| 032 |
|
|
|a 041680
|b USPS
|
| 035 |
|
|
|a (WaSeSS)ssj0012537
|
| 037 |
|
|
|b Xerox Education Publications, 1250 Fairwood Ave., Columbus, OH 43216
|
| 040 |
|
|
|a MUL
|b eng
|c MUL
|d NSD
|d AIP
|d NSD
|d AIP
|d NST
|d OCL
|d OCLCQ
|d UQ1
|d MUQ
|d BNY
|d BOS
|d OCLCQ
|d OCLCF
|d OCLCO
|d OCLCQ
|d OCLCO
|d UAE
|d WaSeSS
|
| 042 |
|
|
|a nsdp
|
| 050 |
1 |
4 |
|a LB1585
|b .C87
|
| 060 |
|
|
|a Shelved in Alphabetical order
|
| 082 |
0 |
4 |
|a 050
|
| 210 |
0 |
|
|a Curr. sci.
|b (Middletown)
|
| 222 |
|
0 |
|a Current science
|b (Middletown)
|
| 245 |
0 |
0 |
|a Current science
|h [electronic resource].
|
| 260 |
|
|
|a [Middletown, CT],
|b [Xerox Education Publications]
|
| 310 |
|
|
|a Biweekly, Sept.-May (except Christmastime)
|
| 506 |
|
|
|a License restrictions may limit access.
|
| 650 |
|
0 |
|a Science
|v Periodicals.
|
| 650 |
|
6 |
|a Sciences
|v Périodiques.
|
| 650 |
|
7 |
|a Science.
|2 fast
|0 (OCoLC)fst01108176
|
| 650 |
|
7 |
|a Sciences (Disciplines scientifiques)
|2 rasuqam
|
| 655 |
|
0 |
|a Electronic journals.
|
| 850 |
|
|
|a IC
|a OCU
|
| 856 |
4 |
0 |
|z Full text available from Research Library: 12/13/1996 to 04/27/2012
|u https://search.proquest.com/publication/41212
|